000 00854cam a22002533a 4500
001 20738
003 PGUSA
005 20140828083436.0
008 070304s2007||||xxu|||||s|||||000 | eng d
040 _aPGUSA
_beng
042 _adc
050 4 _aPL
100 1 _aCalderón, Sofronio G.,
_d1878-1953
245 1 0 _aDiccionario Ingles-Español-Tagalog :
_bCon partes de la oracion y pronunciacion figurada
_h[electronic resource] /
_cSofronio G. Calderón
260 _bProject Gutenberg,
_c2007
506 _aPublic domain in the USA.
516 _aElectronic text
653 _aEnglish language -- Dictionaries -- Polyglot
653 _aEnglish language -- Dictionaries -- Spanish
653 _aEnglish language -- Dictionaries -- Tagalog
830 0 _aProject Gutenberg
_v20738
856 4 0 _uhttp://www.gutenberg.org/ebooks/20738
942 _cEB
999 _c249993
_d249993